[Event "IDJM Rosenheim 2010"]
[Site "?"]
[Date "2010.08.28"]
[Round "1"]
[White "Huschenbeth, Niclas"]
[Black "Levin, Evgeny"]
[Result "0-1"]
[WhiteElo "2459"]
[BlackElo "2495"]
[PlyCount "112"]
[EventDate "2010.08.28"]
[SourceDate "2010.08.28"]

1. e4 e6 2. d4 d5 3. Nc3 dxe4 4. Nxe4 Nd7 5. Nf3 Ngf6 6. Bd3 c5 7. O-O Nxe4 8.
Bxe4 Nf6 9. Bg5 cxd4 10. Qe2 Qb6 11. Bxf6 gxf6 12. Rad1 Bg7 13. Nxd4 O-O 14. c3
Bd7 15. Bb1 Rad8 16. Rd2 f5 17. Rfd1 Ba4 18. b3 Bc6 19. Qh5 Be4 20. Bxe4 fxe4
21. Qe2 Bh6 22. Rb2 f5 23. Rbb1 Rd5 24. Nc2 Qc5 25. c4 Rdd8 26. b4 Qe5 27. c5
Bg7 28. Ne3 f4 29. Nc4 Qf6 30. Nd6 Qg6 31. Qc4 f3 32. g3 e3 33. fxe3 Kh8 34.
Kf2 b6 35. Rbc1 bxc5 36. bxc5 Rb8 37. Rd2 a5 38. a3 Qh5 39. h4 Be5 40. Qxe6 Rf6
41. Qh3 Rg8 42. Ne4 Rc6 43. Rd7 Rcg6 44. c6 Bxg3+ 45. Nxg3 Qe5 46. Rg1 Qb2+ 47.
Kxf3 Rf8+ 48. Nf5 Rxg1 49. c7 Qf6 50. Kf2 Rc1 51. Ke2 Rc2+ 52. Rd2 Qc3 53. Rxc2
Qxc2+ 54. Ke1 Rxf5 55. Qg3 Qc1+ 56. Ke2 Qf1+ 0-1

[Event "IDJM Rosenheim 2010"]
[Site "?"]
[Date "2010.08.28"]
[Round "1"]
[White "Heimann, Andreas"]
[Black "Krämer, Martin"]
[Result "1/2-1/2"]
[WhiteElo "2471"]
[BlackElo "2516"]
[PlyCount "84"]
[EventDate "2010.??.??"]

1. d4 Nf6 2. c4 e6 3. Nf3 d5 4. g3 dxc4 5. Qa4+ c6 6. Qxc4 b5 7. Qc2 Bb7 8. Bg2
Nbd7 9. O-O c5 10. dxc5 Bxc5 11. Bg5 Rc8 12. Qb3 Qa5 13. Bxf6 Nxf6 14. Nc3 a6
15. Ng5 Bxg2 16. Kxg2 O-O 17. Nce4 Nxe4 18. Nxe4 Bd4 19. Rac1 h6 20. Rfd1 Qb6
21. Rxc8 Rxc8 22. e3 Be5 23. f3 Rc4 24. Rd2 f5 25. Nf2 Qc6 26. Qd3 Bc7 27. e4
f4 28. a3 Rc5 29. Nh3 fxg3 30. hxg3 a5 31. Nf4 Bxf4 32. gxf4 a4 33. Qd8+ Kh7
34. Kg3 Rc1 35. Rg2 Qc7 36. Qxc7 Rxc7 37. Rd2 Rc6 38. Rd4 Kg6 39. Rb4 Rc5 40.
b3 axb3 41. Rxb3 Kf6 42. Rb4 g6 1/2-1/2

[Event "IDJM Rosenheim 2010"]
[Site "?"]
[Date "2010.08.28"]
[Round "1"]
[White "Boros, Denes"]
[Black "Vovk, Andrey"]
[Result "0-1"]
[WhiteElo "2499"]
[BlackElo "2522"]
[PlyCount "102"]
[EventDate "2010.??.??"]

1. e4 c5 2. Nf3 e6 3. c4 Nc6 4. Nc3 Nf6 5. Be2 Qc7 6. O-O Ng4 7. g3 Nge5 8.
Nxe5 Qxe5 9. d3 Qb8 10. Bf3 Be7 11. Be3 b6 12. Bg2 O-O 13. f4 Bb7 14. g4 Bf6
15. e5 Be7 16. Ne4 d6 17. exd6 Bxd6 18. g5 Ne7 19. Qg4 Nf5 20. Bd2 Rd8 21. Rae1
Bf8 22. Rf3 Bxe4 23. dxe4 Rxd2 24. exf5 exf5 25. Qxf5 Qd6 26. Rfe3 g6 27. Qf6
Qxf6 28. gxf6 Rad8 29. Bd5 Rd6 30. Re7 Rxf6 31. Rxa7 Bd6 32. Rf1 Rxb2 33. Rd7
Rd2 34. f5 Bxh2+ 35. Kh1 Kg7 36. a4 Be5 37. Re7 Bd4 38. Rf3 g5 39. Rh3 Rxf5 40.
Rf3 Rxf3 41. Bxf3 Kg6 42. Bd5 Rf2 43. Rb7 Rf6 44. Be4+ Kg7 45. Kg2 h5 46. Kg3
Bf2+ 47. Kg2 g4 48. Bd3 Bd4 49. Re7 Rf2+ 50. Kh1 g3 51. Re2 g2+ 0-1

[Event "IDJM Rosenheim 2010"]
[Site "?"]
[Date "2010.08.28"]
[Round "1"]
[White "Mihok, Oliver"]
[Black "Vovk, Yuri"]
[Result "1/2-1/2"]
[WhiteElo "2437"]
[BlackElo "2501"]
[PlyCount "149"]
[EventDate "2010.??.??"]

1. e4 e5 2. Nf3 Nc6 3. Bb5 a6 4. Ba4 Nf6 5. O-O Be7 6. Re1 b5 7. Bb3 d6 8. c3
O-O 9. h3 Nd7 10. d4 Bf6 11. d5 Ne7 12. a4 Bb7 13. Bc2 Qb8 14. b3 c6 15. c4 Qc7
16. Be3 Rfc8 17. Bd3 bxc4 18. bxc4 cxd5 19. cxd5 Nxd5 20. exd5 e4 21. Ra3 exd3
22. Rxd3 Nc5 23. Ra3 Re8 24. Nc3 Rac8 25. Ne2 Qa5 26. Bd2 Qb6 27. Nf4 g6 28.
Rae3 Rxe3 29. Bxe3 Qb4 30. Qb1 Bc3 31. Qxb4 Bxb4 32. Rb1 a5 33. Bd2 Na6 34.
Bxb4 Nxb4 35. Nd3 Bxd5 36. Nxb4 Bxf3 37. gxf3 Rb8 38. Kf1 axb4 39. Ke2 b3 40.
Kd3 Ra8 41. Rxb3 Rxa4 42. Rb6 Rh4 43. Rxd6 Rxh3 44. Ke4 Rh1 45. f4 Kg7 46. Rd2
h5 47. Kf3 Rg1 48. Ke3 h4 49. f3 h3 50. Rh2 Rg3 51. Rh1 Kf6 52. Kf2 Rg2+ 53.
Kf1 Kf5 54. Rxh3 Ra2 55. Rh7 f6 56. Rg7 Rh2 57. Kg1 Rh6 58. Rf7 Rh4 59. Kf2
Rxf4 60. Kg3 Kg5 61. Rb7 Rd4 62. Rb5+ f5 63. Ra5 Rd2 64. Rb5 Re2 65. Ra5 Kf6
66. Ra6+ Re6 67. Ra8 Ke5 68. Ra5+ Kf6 69. Ra8 g5 70. Rf8+ Kg6 71. Rg8+ Kh6 72.
Rf8 f4+ 73. Kg4 Re5 74. Rf6+ Kg7 75. Ra6 1/2-1/2

[Event "IDJM Rosenheim 2010"]
[Site "?"]
[Date "2010.08.28"]
[Round "1"]
[White "Berchtenbreiter, Maximilian"]
[Black "Baldauf, Marco"]
[Result "1/2-1/2"]
[WhiteElo "2231"]
[BlackElo "2362"]
[PlyCount "28"]
[EventDate "2010.??.??"]

1. e4 e6 2. d4 d5 3. Nd2 dxe4 4. Nxe4 Nd7 5. Nf3 Ngf6 6. Bd3 c5 7. dxc5 Nxe4 8.
Bxe4 Nxc5 9. Qxd8+ Kxd8 10. Ng5 Nxe4 11. Nxe4 Bd7 12. Bf4 Bc6 13. O-O-O+ Ke8
14. Nd6+ Bxd6 1/2-1/2

[Event "IDJM Rosenheim 2010"]
[Site "?"]
[Date "2010.08.28"]
[Round "2"]
[White "Vovk, Yuri"]
[Black "Heimann, Andreas"]
[Result "0-1"]
[WhiteElo "2501"]
[BlackElo "2471"]
[PlyCount "66"]
[EventDate "2010.08.28"]
[SourceDate "2010.08.28"]

1. e4 e5 2. Nf3 Nc6 3. Bb5 a6 4. Ba4 Nf6 5. O-O Be7 6. Re1 b5 7. Bb3 O-O 8. c3
d5 9. exd5 Nxd5 10. Nxe5 Nxe5 11. Rxe5 c6 12. d4 Bd6 13. Re1 Qh4 14. g3 Qh3 15.
Qe2 Bg4 16. Qf1 Qh5 17. Nd2 Rae8 18. Ne4 Bb8 19. Bd2 f5 20. Nc5 f4 21. Rxe8
Rxe8 22. Re1 Rf8 23. Bxf4 Bxf4 24. gxf4 Bf3 25. h3 Rxf4 26. Kh2 Rg4 27. Re8+
Qxe8 28. hxg4 Qb8+ 29. Kg1 Qf4 30. Qh3 Qc1+ 31. Kh2 Qf4+ 32. Kg1 Qc1+ 33. Qf1
Qh6 0-1

[Event "IDJM Rosenheim 2010"]
[Site "?"]
[Date "2010.08.28"]
[Round "2"]
[White "Vovk, Andrey"]
[Black "Krämer, Martin"]
[Result "1/2-1/2"]
[WhiteElo "2522"]
[BlackElo "2516"]
[PlyCount "69"]
[EventDate "2010.??.??"]

1. e4 c5 2. Nf3 d6 3. d4 cxd4 4. Nxd4 Nf6 5. Nc3 Nc6 6. Bg5 e6 7. Qd2 Be7 8.
O-O-O O-O 9. f4 Nxd4 10. Qxd4 h6 11. Bh4 Qa5 12. e5 dxe5 13. Qxe5 Qxe5 14. fxe5
Nd5 15. Bxe7 Nxe7 16. Bd3 b6 17. Be4 Rb8 18. Nb5 Bb7 19. Rhe1 Bxe4 20. Rxe4
Rfd8 21. Rxd8+ Rxd8 22. Rd4 Rxd4 23. Nxd4 Kf8 24. Kd2 Ke8 25. g4 Kd7 26. Kd3 f5
27. exf6 gxf6 28. c4 Nc6 29. Nxc6 Kxc6 30. b4 a6 31. Ke4 Kd6 32. a3 Kc6 33. Kd4
Kd6 34. Ke4 Kc6 35. Kd4 1/2-1/2

[Event "IDJM Rosenheim 2010"]
[Site "?"]
[Date "2010.08.28"]
[Round "2"]
[White "Baldauf, Marco"]
[Black "Mihok, Oliver"]
[Result "0-1"]
[WhiteElo "2362"]
[BlackElo "2437"]
[PlyCount "80"]
[EventDate "2010.??.??"]
[SourceDate "2010.08.28"]

1. d4 d5 2. c4 c6 3. Nf3 Nf6 4. e3 Bf5 5. Nc3 e6 6. Nh4 Be4 7. f3 Bg6 8. Nxg6
hxg6 9. Qb3 Qc7 10. g3 Bd6 11. f4 Nbd7 12. Bd2 g5 13. c5 Be7 14. Qc2 gxf4 15.
exf4 b6 16. cxb6 axb6 17. Bg2 c5 18. Nb5 Qc6 19. a4 O-O 20. O-O Rfc8 21. f5
cxd4 22. Qxc6 Rxc6 23. fxe6 fxe6 24. Nxd4 Bc5 25. Be3 Bxd4 26. Bxd4 Rc4 27.
Bxf6 gxf6 28. b3 Rc3 29. Rfc1 Rxb3 30. Rc7 Rd8 31. a5 bxa5 32. Rxa5 Kf8 33. Ra6
Ke7 34. Bf1 Rbb8 35. Be2 Rdc8 36. Rxc8 Rxc8 37. h4 Rc2 38. Bf3 Ne5 39. Bg2 d4
40. Be4 Re2 0-1

[Event "IDJM Rosenheim 2010"]
[Site "?"]
[Date "2010.08.28"]
[Round "2"]
[White "Levin, Evgeny"]
[Black "Berchtenbreiter, Maximilian"]
[Result "1/2-1/2"]
[WhiteElo "2495"]
[BlackElo "2231"]
[PlyCount "64"]
[EventDate "2010.??.??"]
[SourceDate "2010.08.28"]

1. d4 Nf6 2. Nf3 e6 3. Bg5 c5 4. e3 Be7 5. Nbd2 b6 6. c3 cxd4 7. exd4 O-O 8.
Bh4 Nd5 9. Bg3 f5 10. h3 f4 11. Bh2 Bh4 12. Nxh4 Qxh4 13. Nf3 Qf6 14. Bd3 Ba6
15. O-O Bxd3 16. Qxd3 Nc6 17. Rfe1 Qf5 18. Qe2 Rae8 19. Rad1 g5 20. c4 Nde7 21.
a3 Ng6 22. b4 a6 23. Kf1 h5 24. d5 exd5 25. Qxe8 Rxe8 26. Rxe8+ Kf7 27. Rxd5
Qc2 28. Re4 Qc1+ 29. Ke2 g4 30. hxg4 hxg4 31. Rxd7+ Kf6 32. Nd2 Nce5 1/2-1/2

[Event "IDJM Rosenheim 2010"]
[Site "?"]
[Date "2010.08.28"]
[Round "2"]
[White "Boros, Denes"]
[Black "Huschenbeth, Niclas"]
[Result "1/2-1/2"]
[WhiteElo "2499"]
[BlackElo "2459"]
[PlyCount "100"]
[EventDate "2010.??.??"]
[SourceDate "2010.08.28"]

1. e4 c5 2. Nf3 d6 3. d4 cxd4 4. Qxd4 Nf6 5. Bg5 Nc6 6. Qd3 Qb6 7. Bxf6 gxf6 8.
Qb5 Qxb5 9. Bxb5 Rg8 10. g3 $11 a6 11. Bd3 Nb4 12. Nc3 Bg4 13. Nh4 Rc8 14. f4
Bd7 15. O-O-O Nxd3+ 16. cxd3 e6 17. Kb1 Be7 18. Rhe1 Bd8 19. Re2 Ke7 20. Rc1 b5
21. Rec2 Rb8 22. Ne2 Bb6 23. Nf3 Rgc8 24. Ned4 Rxc2 25. Rxc2 Rc8 26. a3 Rxc2
27. Kxc2 Bc8 28. Kc3 Bb7 29. b4 Bc7 30. Kd2 f5 31. e5 dxe5 32. Nxe5 f6 33. Nef3
Bb6 34. Kc3 Bxf3 35. Nxf3 Kd6 36. Nh4 Bg1 37. Nf3 Be3 38. Nh4 Kd5 39. Kc2 Bg1
40. Nf3 Bb6 41. Kc3 Be3 42. Kc2 e5 43. Nh4 $11 exf4 44. gxf4 Bxf4 45. Nf3 Be3
46. h3 f4 47. Kb2 Kc6 48. Kc2 Kb6 49. Kb2 a5 50. Kc2 a4 $11 1/2-1/2

[Event "IDJM Rosenheim 2010"]
[Site "?"]
[Date "2010.08.29"]
[Round "3"]
[White "Mihok, Oliver"]
[Black "Levin, Evgeny"]
[Result "1/2-1/2"]
[WhiteElo "2437"]
[BlackElo "2495"]
[PlyCount "47"]
[EventDate "2010.08.29"]
[SourceDate "2010.08.29"]

1. e4 c5 2. Nf3 d6 3. d4 cxd4 4. Nxd4 Nf6 5. Nc3 a6 6. Be3 e6 7. g4 h6 8. Bg2
Nc6 9. h3 Ne5 10. f4 Nc4 11. Bc1 e5 12. Nf5 exf4 13. Bxf4 Qb6 14. b3 Ne5 15.
Qd2 Be6 16. Be3 Qa5 17. O-O Nfd7 18. Rad1 g6 19. Na4 Qxd2 20. Rxd2 Rc8 21. Rff2
Rc6 22. Nd4 Rc8 23. Nf5 Rc6 24. Nd4 1/2-1/2

[Event "IDJM Rosenheim 2010"]
[Site "?"]
[Date "2010.08.29"]
[Round "3"]
[White "Berchtenbreiter, Maximilian"]
[Black "Boros, Denes"]
[Result "1/2-1/2"]
[WhiteElo "2231"]
[BlackElo "2499"]
[Annotator ",BQS"]
[PlyCount "85"]
[EventDate "2010.??.??"]

1. e4 c5 2. Nf3 d6 3. d4 cxd4 4. Nxd4 Nf6 5. Nc3 Nc6 6. Bc4 e6 7. Bb3 a6 8. Be3
Be7 9. Qe2 O-O 10. O-O-O Nxd4 11. Rxd4 Qc7 12. g4 e5 13. Rc4 Qd8 14. g5 Nd7 15.
g6 Kh8 16. gxf7 Nc5 17. Rxc5 dxc5 18. Rd1 Bd7 19. Qh5 c4 20. Bxc4 Qc8 21. Rg1
Bf6 22. Bd5 Be6 23. f4 exf4 24. e5 fxe3 25. Be4 g6 26. Bxg6 Rxf7 27. Bxf7 Bxf7
28. Qxf7 Bxe5 29. Ne4 Qf8 30. Ng5 Qg7 31. Kd1 Bxb2 32. Ke2 Rc8 33. Qb3 Rf8 34.
Nf3 Qc3 35. Qxc3+ Bxc3 36. Kxe3 Re8+ 37. Kd3 Bf6 38. Rb1 b5 39. a4 Rd8+ 40. Ke4
bxa4 41. Rb6 Kg7 42. Rxa6 Rc8 43. Rxa4 $11 1/2-1/2

[Event "IDJM Rosenheim 2010"]
[Site "?"]
[Date "2010.08.29"]
[Round "3"]
[White "Heimann, Andreas"]
[Black "Baldauf, Marco"]
[Result "1-0"]
[WhiteElo "2471"]
[BlackElo "2362"]
[PlyCount "69"]
[EventDate "2010.??.??"]

1. Nf3 d5 2. d4 Nf6 3. c4 e6 4. Nc3 c6 5. Bg5 h6 6. Bxf6 Qxf6 7. e3 Nd7 8. a3
g6 9. Bd3 dxc4 10. Bxc4 Bg7 11. O-O O-O 12. Qc2 Qe7 13. Ba2 b6 14. Ne2 Bb7 15.
Nf4 Rad8 16. Rad1 Qf6 17. b4 Rfe8 18. Nd2 e5 19. Ne4 Qf5 20. Bxf7+ Qxf7 21. Nd6
Qf8 22. dxe5 Nxe5 23. Nxb7 Rxd1 24. Rxd1 Qe7 25. Nd6 Rd8 26. Nxg6 Nxg6 27. Qxg6
Qf6 28. Qd3 Qe6 29. f4 Bf8 30. f5 Qa2 31. f6 Rd7 32. f7+ Kh8 33. Qd4+ Kh7 34.
Qe4+ Kh8 35. Qe5+ 1-0

[Event "IDJM Rosenheim 2010"]
[Site "?"]
[Date "2010.08.29"]
[Round "3"]
[White "Huschenbeth, Niclas"]
[Black "Vovk, Andrey"]
[Result "1-0"]
[WhiteElo "2459"]
[BlackElo "2522"]
[PlyCount "133"]
[EventDate "2010.??.??"]

1. e4 c5 2. Nf3 e6 3. d4 cxd4 4. Nxd4 a6 5. Bd3 Bc5 6. Nb3 Ba7 7. O-O Ne7 8.
Qe2 d6 9. Be3 Nbc6 10. Bxa7 Rxa7 11. N1d2 e5 12. Nc4 b5 13. Ne3 Be6 14. c3 O-O
15. Rfd1 Qb8 16. Nd2 Rb7 17. a4 g6 18. axb5 axb5 19. Ra6 b4 20. Bc4 bxc3 21.
bxc3 Bxc4 22. Ndxc4 Rd8 23. Qa2 Kg7 24. g3 Rbd7 25. h4 h5 26. Kh2 Qb7 27. Rb1
Qc7 28. Nb6 Nb8 29. Ra8 Nbc6 30. Nxd7 Rxd7 31. Nc4 Rd8 32. Rxd8 Nxd8 33. Rd1
Nb7 34. Qa6 Nc8 35. f3 Nc5 36. Qa2 Qc6 37. Ne3 Nb6 38. Nd5 Nba4 39. Rb1 Ne6 40.
Qd2 Nac5 41. Rb8 Qa6 42. Rb1 Qc4 43. Ne3 Qa6 44. Rd1 Nb7 45. Kg2 Nec5 46. Kf2
Qb6 47. Qc2 Ne6 48. Rb1 Qa7 49. Qb2 Nbc5 50. Qa1 Na4 51. Qa2 Qd7 52. Qc4 Nac5
53. Rd1 Nb7 54. Kg2 Nec5 55. Rb1 Qd8 56. Ra1 Ne6 57. Qb5 Nbc5 58. Ra7 Qf8 59.
Nd5 Kh6 60. Qc6 f5 61. Ra8 Qg7 62. Qe8 fxe4 63. fxe4 Kh7 64. Ra2 Nc7 65. Nxc7
Qxc7 66. Rf2 Kg7 67. Qf8+ 1-0

[Event "IDJM Rosenheim 2010"]
[Site "?"]
[Date "2010.08.29"]
[Round "3"]
[White "Krämer, Martin"]
[Black "Vovk, Yuri"]
[Result "1/2-1/2"]
[WhiteElo "2516"]
[BlackElo "2561"]
[PlyCount "146"]
[EventDate "2010.08.29"]
[SourceDate "2010.08.29"]

1. d4 Nf6 2. c4 g6 3. g3 Bg7 4. Bg2 O-O 5. Nc3 d6 6. Nf3 Nc6 7. O-O a6 8. Re1
Rb8 9. Rb1 b5 10. cxb5 axb5 11. b4 e6 12. e4 Ne7 13. Qd3 Bb7 14. Bf4 h6 15. h3
Qd7 16. Nd2 Ba8 17. Nb3 Nh5 18. Bd2 f5 19. Rbd1 fxe4 20. Bxe4 e5 21. Bxa8 Rxa8
22. g4 Nf4 23. Bxf4 exf4 24. Qxb5 Qxb5 25. Nxb5 Nd5 26. Rc1 Rxa2 27. Nxc7 Nxb4
28. Ne6 Rf7 29. Red1 Nd5 30. Rc6 Rd7 31. Nd2 Bf6 32. Nc4 Re2 33. Rc8+ Kf7 34.
Nf8 Rd8 35. Rxd8 Bxd8 36. Nd7 Rc2 37. Na3 Rc7 38. Nb8 Rc8 39. Rb1 Bb6 40. Nd7
Bxd4 41. Nb5 Ke7 42. Nxd4 Kxd7 43. Rd1 Rc5 44. Kg2 Ne7 45. Kf3 g5 46. Ra1 Rc3+
47. Ke4 Rxh3 48. Ra7+ Ke8 49. Rb7 Rh1 50. Rb6 Re1+ 51. Kd3 Kd7 52. Rb7+ Kc8 53.
Rb6 Kc7 54. Ra6 Re5 55. Ra7+ Kd8 56. Ra8+ Kd7 57. Rh8 Rd5 58. Ke4 Ra5 59. Rxh6
Ra4 60. Rh7 Ke8 61. Kd3 Ra2 62. Ne6 Rxf2 63. Nxg5 d5 64. Ne6 Kd7 65. Nf8+ Ke8
66. Ne6 Rf1 67. Ke2 Rg1 68. g5 Kd7 69. Nxf4 Rxg5 70. Rh5 Rf5 71. Rxf5 Nxf5 72.
Nxd5 Ne7 73. Nxe7 Kxe7 1/2-1/2

[Event "IDJM Rosenheim 2010"]
[Site "?"]
[Date "2010.08.30"]
[Round "4"]
[White "Levin, Evgeny"]
[Black "Heimann, Andreas"]
[Result "1/2-1/2"]
[WhiteElo "2495"]
[BlackElo "2471"]
[PlyCount "39"]
[EventDate "2010.08.30"]
[SourceDate "2010.08.30"]

1. d4 Nf6 2. c4 g6 3. Nc3 Bg7 4. e4 d6 5. Be2 O-O 6. Nf3 e5 7. Be3 Ng4 8. Bg5
f6 9. Bc1 Nc6 10. d5 Nd4 11. Nxd4 exd4 12. Nb5 f5 13. O-O a6 14. Nxd4 fxe4 15.
Bxg4 Bxg4 16. Qxg4 Bxd4 17. Bg5 Qc8 18. Qxe4 Bxb2 19. Rab1 Bg7 20. Rfe1 1/2-1/2

[Event "IDJM Rosenheim 2010"]
[Site "?"]
[Date "2010.08.30"]
[Round "4"]
[White "Huschenbeth, Niclas"]
[Black "Berchtenbreiter, Maximilian"]
[Result "1/2-1/2"]
[WhiteElo "2459"]
[BlackElo "2231"]
[PlyCount "116"]
[EventDate "2010.08.30"]
[SourceDate "2010.08.30"]

1. e4 c5 2. Nf3 d6 3. d4 cxd4 4. Nxd4 Nf6 5. Nc3 a6 6. Bg5 Nbd7 7. Bc4 Qa5 8.
Qd2 e6 9. O-O-O b5 10. Bb3 Bb7 11. Rhe1 O-O-O 12. f3 Be7 13. a3 Kb8 14. Be3 Rc8
15. Bf2 Bd8 16. Ba2 b4 17. axb4 Qxb4 18. Nb3 Rc6 19. Qd4 Qxd4 20. Nxd4 Rc8 21.
Nde2 Bc7 22. Rd2 h5 23. Red1 g5 24. Bg3 Ne8 25. h4 g4 26. Bh2 gxf3 27. gxf3 Ne5
28. Bxe5 dxe5 29. Na4 Rg8 30. Nc5 Nf6 31. Nxe6 fxe6 32. Bxe6 Rg2 33. Bxc8 Bxc8
34. Rg1 Rf2 35. Rg3 Bb6 36. Rd6 Be3+ 37. Kb1 Nxe4 38. fxe4 Rxe2 39. Rd3 Re1+
40. Ka2 Be6+ 41. b3 Bd4 42. c3 Re2+ 43. Ka1 Bf2 44. Rg7 Bxh4 45. Rd6 Bg4 46.
Rb6+ Kc8 47. Rxa6 Kb8 48. Rb6+ Kc8 49. Ra6 Kb8 50. Rh6 Rd2 51. b4 Bd8 52. b5
Bf3 53. c4 Bxe4 54. Rxh5 Bd3 55. Rd7 Kc8 56. Rxd8+ Kxd8 57. Rxe5 Bxc4 58. Rc5
Bxb5 1/2-1/2

[Event "IDJM Rosenheim 2010"]
[Site "?"]
[Date "2010.09.01"]
[Round "4"]
[White "Baldauf, Marco"]
[Black "Krämer, Martin"]
[Result "1/2-1/2"]
[WhiteElo "2362"]
[BlackElo "2516"]
[PlyCount "214"]
[EventDate "2010.08.31"]
[SourceDate "2010.09.01"]

1. e4 c5 2. Nf3 d6 3. Bb5+ Nd7 4. d4 cxd4 5. Qxd4 a6 6. Bxd7+ Bxd7 7. Nc3 e5 8.
Qd3 h6 9. a4 Nf6 10. Be3 Be7 11. O-O Be6 12. Rfd1 O-O 13. a5 Rc8 14. Bb6 Qd7
15. Qe2 Qc6 16. Rd2 Qc4 17. Qxc4 Rxc4 18. Re2 Rfc8 19. Ne1 Nd7 20. Be3 Nf6 21.
Bb6 Kf8 22. f3 g6 23. Rd2 Kg7 24. Be3 R4c6 25. Kf2 Bd8 26. Ke2 Bc4+ 27. Kd1 d5
28. exd5 Rd6 29. Ne4 Rxd5 30. Nxf6 Kxf6 31. b3 Rxa5 32. Rxa5 Bxa5 33. bxc4 Bxd2
34. Kxd2 Rxc4 35. Bxh6 Rh4 36. Be3 Rxh2 37. c4 Ke6 38. Kc3 f5 39. g4 fxg4 40.
fxg4 Rh3 41. Kd3 Rg3 42. g5 b5 43. cxb5 axb5 44. Nc2 Rg4 45. Bd2 Rh4 46. Nb4
Rd4+ 47. Ke2 Rc4 48. Ke1 Kd6 49. Ke2 Kc5 50. Nd3+ Kd4 51. Nb4 Rc8 52. Nd3 Re8
53. Bc1 Ke4 54. Bd2 Rh8 55. Nf2+ Kd4 56. Be3+ Kd5 57. Bd2 Rh4 58. Nd3 Rh2+ 59.
Nf2 Kc4 60. Kf3 b4 61. Kg3 b3 62. Bc1 Rh8 63. Bb2 Re8 64. Ng4 Kd3 65. Nxe5+ Kc2
66. Bd4 Rd8 67. Nf3 Kd3 68. Bf6 Rg8 69. Kf4 Rf8 70. Ne5+ Kc2 71. Nc4 Rc8 72.
Nb2 Re8 73. Nc4 Re1 74. Nb2 Ra1 75. Ke4 Re1+ 76. Kd5 Re2 77. Kc4 Rd2 78. Kb4
Rd5 79. Nc4 Rd3 80. Na3+ Kc1 81. Nc4 Kb1 82. Na3+ Ka2 83. Nc4 Rg3 84. Kc5 Rd3
85. Kb4 Rd5 86. Ka4 Rc5 87. Kb4 Rd5 88. Ka4 Rf5 89. Kb4 Rf1 90. Kc5 Rd1 91. Kb4
Rd3 92. Nb2 Rg3 93. Nc4 Kb1 94. Na3+ Kc1 95. Nc4 Rf3 96. Bb2+ Kc2 97. Bf6 Rd3
98. Na3+ Kd2 99. Nc4+ Ke2 100. Ka3 Rg3 101. Ne5 Kd2 102. Kb2 Ke3 103. Nxg6 Kd3
104. Kxb3 Ke4+ 105. Kc4 Rxg5 106. Bxg5 Kf5 107. Ne7+ Kxg5 1/2-1/2

[Event "IDJM Rosenheim 2010"]
[Site "?"]
[Date "2010.08.31"]
[Round "5"]
[White "Berchtenbreiter, Maximilian"]
[Black "Vovk, Andrey"]
[Result "0-1"]
[WhiteElo "2231"]
[BlackElo "2522"]
[PlyCount "78"]
[EventDate "2010.08.31"]
[SourceDate "2010.08.31"]

1. e4 e5 2. Nf3 Nc6 3. Bc4 Nf6 4. d3 Be7 5. c3 O-O 6. Qe2 h6 7. Nbd2 Re8 8. h3
d5 9. Bb3 Be6 10. Bc2 Nd7 11. Nf1 Nc5 12. Ne3 d4 13. Ng4 Qd6 14. b4 Nd7 15. b5
Nd8 16. Kf1 dxc3 17. Kg1 Bf8 18. d4 exd4 19. e5 Bxg4 20. Qd3 Qg6 21. Qxg6 fxg6
22. hxg4 Nxe5 23. Nxd4 Nxg4 24. Kf1 Bc5 25. Bxg6 Bxd4 26. Bxe8 c2 27. Rh4 Bxa1
28. Rxg4 Ne6 29. Bg6 Nd4 30. Re4 Nxb5 31. Re7 Bf6 32. Rd7 Rd8 33. Rxd8+ Bxd8
34. Bxc2 c6 35. Bf5 Kf7 36. Be3 Bb6 37. a4 Nd6 38. Bxb6 axb6 39. Bg4 b5 0-1

[Event "IDJM Rosenheim 2010"]
[Site "?"]
[Date "2010.08.31"]
[Round "5"]
[White "Vovk, Yuri"]
[Black "Baldauf, Marco"]
[Result "1-0"]
[WhiteElo "2561"]
[BlackElo "2362"]
[PlyCount "61"]
[EventDate "2010.08.31"]
[SourceDate "2010.08.31"]

1. e4 e5 2. Nf3 Nc6 3. Bb5 Nf6 4. O-O Nxe4 5. d4 Nd6 6. Bxc6 dxc6 7. dxe5 Nf5
8. Qxd8+ Kxd8 9. Nc3 Ne7 10. Bg5 Ke8 11. Rad1 Bg4 12. Ne4 h6 13. Bf6 Nd5 14. c4
Nf4 15. Bh4 Bxf3 16. gxf3 b6 17. Bg3 Ng6 18. a3 Rd8 19. f4 Ne7 20. Bh4 Rd7 21.
Bxe7 Bxe7 22. f5 Rxd1 23. Rxd1 h5 24. Kg2 h4 25. Kh3 Rh5 26. Kg4 g6 27. fxg6
fxg6 28. f4 Rf5 29. e6 b5 30. Rd7 bxc4 31. Rxc7 1-0

[Event "IDJM Rosenheim 2010"]
[Site "?"]
[Date "2010.08.31"]
[Round "5"]
[White "Mihok, Oliver"]
[Black "Huschenbeth, Niclas"]
[Result "1/2-1/2"]
[WhiteElo "2437"]
[BlackElo "2459"]
[PlyCount "77"]
[EventDate "2010.??.??"]

1. e4 c5 2. Nf3 d6 3. d4 cxd4 4. Nxd4 Nf6 5. Nc3 a6 6. Be3 e6 7. g4 e5 8. Nf5
g6 9. Bg2 gxf5 10. exf5 Nc6 11. g5 Ng8 12. f6 Be6 13. Nd5 h6 14. h4 hxg5 15.
hxg5 Rxh1+ 16. Bxh1 Bxd5 17. Bxd5 Nxf6 18. gxf6 Qxf6 19. Qh5 Nb4 20. Bb3 Qg6
21. Qxg6 fxg6 22. O-O-O Nc6 23. Rg1 Ne7 24. Bg5 Bg7 25. Bxe7 Kxe7 26. Rxg6 Bf6
27. Bd5 Rb8 28. Rg3 b6 29. Rc3 Kd7 30. Rb3 Bh4 31. Rf3 Rh8 32. Rf7+ Be7 33. c4
Rf8 34. Rxf8 Bxf8 35. Kc2 a5 36. Kb3 Kc7 37. Ka4 Bh6 38. Kb5 Bc1 39. b3 1/2-1/2

[Event "IDJM Rosenheim 2010"]
[Site "?"]
[Date "2010.08.31"]
[Round "5"]
[White "Heimann, Andreas"]
[Black "Boros, Denes"]
[Result "0-1"]
[WhiteElo "2471"]
[BlackElo "2499"]
[PlyCount "126"]
[EventDate "2010.??.??"]

1. e4 e5 2. Nf3 Nc6 3. Bc4 Bc5 4. c3 Nf6 5. d3 O-O 6. Nbd2 d5 7. exd5 Nxd5 8.
Ne4 Be7 9. O-O Bg4 10. h3 Bh5 11. Re1 Nb6 12. Bb5 f6 13. Bxc6 bxc6 14. Ng3 Bg6
15. d4 Bd6 16. dxe5 Bxe5 17. Qxd8 Rfxd8 18. Nxe5 fxe5 19. Bg5 Re8 20. b3 Nd5
21. Bd2 a5 22. Ne4 Bxe4 23. Rxe4 a4 24. Rxa4 Rxa4 25. bxa4 Nb6 26. Re1 Nc4 27.
Bg5 Ra8 28. Re4 Rxa4 29. Bd8 Nb6 30. Rxa4 Nxa4 31. c4 Kf7 32. Bxc7 Ke6 33. Kf1
Nb2 34. c5 Nd3 35. Bd6 Kd5 36. Bf8 g6 37. a3 Nxc5 38. Ke2 Ne6 39. Bh6 g5 40.
Ke3 c5 41. g3 e4 42. a4 c4 43. a5 c3 44. a6 Kc6 45. h4 Kb6 46. hxg5 Kxa6 47.
Kxe4 Kb5 48. Kd3 Kb4 49. f4 Kb3 50. g6 hxg6 51. f5 gxf5 52. Be3 c2 53. Bc1 Nc5+
54. Ke2 Kc3 55. Ke3 Nd3 56. Bd2+ Kc4 57. Kf3 Kd4 58. Be3+ Ke5 59. g4 f4 60. Bd2
c1=Q 61. Bxc1 Nxc1 62. g5 Nb3 63. g6 Nd4+ 0-1

[Event "IDJM Rosenheim 2010"]
[Site "?"]
[Date "2010.09.01"]
[Round "6"]
[White "Vovk, Andrey"]
[Black "Baldauf, Marco"]
[Result "1-0"]
[WhiteElo "2522"]
[BlackElo "2362"]
[PlyCount "121"]
[EventDate "2010.??.??"]

1. e4 e5 2. Nf3 Nc6 3. Bb5 Nf6 4. d3 Bc5 5. O-O Nd4 6. Nxd4 Bxd4 7. Nd2 c6 8.
Ba4 Bb6 9. h3 h6 10. Nc4 Bc7 11. Ne3 d6 12. Bb3 Be6 13. Qf3 Qd7 14. c3 d5 15.
Rd1 O-O-O 16. Ba4 Kb8 17. b4 h5 18. c4 d4 19. Nd5 Ng8 20. Qg3 f6 21. f4 exf4
22. Bxf4 Bxf4 23. Nxf4 Qc7 24. Qf2 Bc8 25. c5 Ne7 26. Rac1 f5 27. Qd2 g5 28.
Ne2 fxe4 29. dxe4 d3 30. Nc3 Ng6 31. b5 Nf4 32. Qb2 Ka8 33. Rb1 cxb5 34. Nxb5
Qxc5+ 35. Kh1 Rh7 36. Rbc1 Qb6 37. Qe5 a6 (37... Bxh3 38. Nc7+ Rxc7 39. Qxc7
Bxg2+ 40. Kh2 Qxc7 41. Rxc7 Bxe4) 38. Nc7+ Ka7 39. Qxg5 Ne6 40. Nxe6 Bxe6 41.
Rb1 Qd4 42. Bb3 Rg7 43. Qh4 Bg4 44. hxg4 hxg4 45. Rf1 Rh7 46. Qxh7 Rh8 47. Bg8
Rxh7+ 48. Bxh7 d2 49. Rbd1 Qe3 50. Bf5 g3 51. e5 Kb6 52. e6 Ka5 53. e7 Qxe7 54.
Rxd2 Qf6 55. Rdd1 b5 56. Rde1 Qh6+ 57. Bh3 Qh8 58. Re3 Qg7 59. a3 Ka4 60. Rc1
a5 61. Rd1 1-0

[Event "IDJM Rosenheim 2010"]
[Site "?"]
[Date "2010.09.01"]
[Round "6"]
[White "Levin, Evgeny"]
[Black "Vovk, Yuri"]
[Result "1-0"]
[WhiteElo "2495"]
[BlackElo "2561"]
[PlyCount "71"]
[EventDate "2010.??.??"]

1. d4 Nf6 2. c4 g6 3. Nc3 Bg7 4. e4 d6 5. Nf3 O-O 6. Be2 e5 7. O-O Na6 8. Be3
Ng4 9. Bg5 Qe8 10. h3 h6 11. Bc1 Nf6 12. Bd3 Nh5 13. Re1 exd4 14. Nb5 Qd8 15.
Nbxd4 Nc5 16. Bc2 Re8 17. Bd2 Nf6 18. Qb1 Nfd7 19. Qc1 Ne5 20. Bxh6 Nxc4 21.
Bxg7 Kxg7 22. g4 Nd7 23. Bb3 Nce5 24. Nxe5 dxe5 25. Nb5 c6 26. Nd6 Rf8 27. Qc3
a5 28. Rad1 a4 29. Bc4 Qe7 30. f4 Nb6 31. Be2 Be6 32. Qxe5+ f6 33. Qc5 Nc8 34.
Bc4 Nxd6 35. e5 fxe5 36. Rxd6 1-0